Reform for competition needed in professions (Record no. 66341)

MARC details
000 -LEADER
fixed length control field 01026cam a2200193 4500
001 - CONTROL NUMBER
control field WB3710-32
008 - FIXED-LENGTH DATA ELEMENTS--GENERAL INFORMATION
fixed length control field 000000n2001 000 0 eng u
035 ## - SYSTEM CONTROL NUMBER
System control number (Sirsi) u111328
245 ## - TITLE STATEMENT
Title Reform for competition needed in professions
260 ## - PUBLICATION, DISTRIBUTION, ETC.
Date of publication, distribution, etc. 2001
490 ## - SERIES STATEMENT
Series statement OFT Press Release
Volume/sequential designation (10/01) 7 March 2001, (4)
520 ## - SUMMARY, ETC.
Summary, etc. Describes the Office of Fair Trading's (OFT) recommendations that the professions should be fully subject to competition law. A new report by the OFT, and consultants LECG, suggests that unjustified restrictions on competition should be removed, and competition law applied more robustly to the professions wherever possible. To obtain a copy of "Competition in the Professions", which focuses on architects, accountants and lawyers, visit: 'www.oft.gov.uk'. Alternatively write to: OFT, PO Box 366, Hayes UB3 1XB.
590 ## - LOCAL NOTE (RLIN)
Local note WB
650 ## - SUBJECT ADDED ENTRY--TOPICAL TERM
Topical term or geographic name entry element OFT
650 ## - SUBJECT ADDED ENTRY--TOPICAL TERM
Topical term or geographic name entry element PROFESSIONS
650 ## - SUBJECT ADDED ENTRY--TOPICAL TERM
Topical term or geographic name entry element COMPETITION LAW
690 ## - LOCAL SUBJECT ADDED ENTRY--TOPICAL TERM (OCLC, RLIN)
Topical term or geographic name as entry element MANAGEMENT-BUSINESS MANAGEMENT-PROFESSIONAL PRACTICE
942 ## - ADDED ENTRY ELEMENTS (KOHA)
Suppress in OPAC 0
Holdings
Withdrawn status Lost status Source of classification or shelving scheme Damaged status Not for loan Home library Current library Shelving location Date acquired Total Checkouts Full call number Barcode Date last seen Copy number Price effective from Koha item type
    Dewey Decimal Classification     London London News article 08/03/2001   WB3710-32 111328-1001 06/08/2019 1 06/08/2019 News article